[Event "AUTO-OPEN-3199"]
[Site "http://www.queenalice.com/game.php?id=1260496"]
[Date "2014.2.27"]
[Round "1"]
[White "fernando1971"]
[Black "mitsho"]
[Result "1-0"]
[WhiteElo "2414"]
[BlackElo "1846"]

1. Nf3 d5 2. d4 c6 3. c4 dxc4 4. e3 Be6 5. Be2 Nf6 6. O-O g6 7. Nc3 Bg7 8. Ng5
Bc8 9. Bxc4 e6 10. Nf3 O-O 11. e4 b5 12. Bd3 Ba6 13. e5 Nd5 14. Ne4 f5 15. exf6
Nxf6 16. Neg5 Qe7 17. Re1 Bc8 18. a4 a6 19. Nxe6 Bxe6 20. Ng5 Bg4 21. Qb3+ 1-0

[Event "AUTO-OPEN-3199"]
[Site "http://www.queenalice.com/game.php?id=1260521"]
[Date "2014.2.27"]
[Round "1"]
[White "bc113"]
[Black "fernando1971"]
[Result "0-1"]
[WhiteElo "750"]
[BlackElo "2440"]

1. e4 e5 2. Nf3 Nf6 3. d3 Nc6 4. c3 d5 5. exd5 Qxd5 6. Qb3 Be7 7. Qxd5 Nxd5 8.
Be2 Bf5 9. O-O O-O-O 10. h3 Kb8 11. Nh2 h5 12. f3 Bc5+ 13. Kh1 Be3 0-1

[Event "AUTO-OPEN-3199"]
[Site "http://www.queenalice.com/game.php?id=1260522"]
[Date "2014.2.27"]
[Round "1"]
[White "fernando1971"]
[Black "bc113"]
[Result "1-0"]
[WhiteElo "2439"]
[BlackElo "750"]

1. Nf3 d5 2. d4 e6 3. e3 Nf6 4. c4 c6 5. Nc3 dxc4 6. Bxc4 Be7 7. e4 h6 8. O-O
O-O 9. Qe2 Nh7 10. Rd1 Bg5 11. Nxg5 Nxg5 12. e5 Bd7 13. Qg4 f5 14. exf6 1-0

[Event "AUTO-OPEN-3199"]
[Site "http://www.queenalice.com/game.php?id=1260539"]
[Date "2014.2.27"]
[Round "1"]
[White "fernando1971"]
[Black "holandes"]
[Result "1-0"]
[WhiteElo "2433"]
[BlackElo "1930"]

1. d4 d5 2. e3 Nf6 3. Nf3 Bg4 4. c4 c6 5. cxd5 cxd5 6. Qb3 Bxf3 7. gxf3 Qc7 8.
Nc3 e6 9. Bd2 Nc6 10. Rc1 Qd7 11. Na4 Be7 12. Be2 Bd6 13. Nc5 Bxc5 14. Rxc5 O-O
15. O-O b6 16. Rc2 Ne7 17. Ba6 Ng6 18. Bb5 Qd8 19. Bb4 Ne7 20. Qa3 Nf5 21. Bxf8
Qxf8 22. Qxf8+ Kxf8 23. Rfc1 Nd6 24. Bd3 g6 25. Kf1 Kg7 26. Rc7 h5 27. R1c6 Nfe8
28. Rd7 Kf8 29. Rcxd6 Nxd6 30. Rxd6 Rc8 31. Rd7 a5 32. Rb7 Rc6 33. Ke2 Kg7 34.
Kd2 Kf6 35. Bb5 Rd6 36. Be8 e5 37. Rxf7+ Ke6 38. Rg7 Kf5 39. dxe5 Kxe5 40. Bxg6
h4 41. f4+ Kf6 42. Rg8 d4 43. e4 Ke7 44. e5 Rc6 45. f5 1-0

[Event "AUTO-OPEN-3199"]
[Site "http://www.queenalice.com/game.php?id=1260540"]
[Date "2014.2.27"]
[Round "1"]
[White "holandes"]
[Black "fernando1971"]
[Result "0-1"]
[WhiteElo "1894"]
[BlackElo "2432"]

1. d4 d5 2. c4 e6 3. Nc3 Nf6 4. Bg5 Bb4 5. e3 Nbd7 6. Qb3 c5 7. cxd5 exd5 8. a3
Ba5 9. Be2 c4 10. Qc2 h6 11. Bh4 g5 12. Bg3 Ne4 13. Nf3 Nb6 14. O-O Bxc3 15.
bxc3 Bf5 16. Qb2 Na4 17. Qxb7 Naxc3 18. Rfe1 O-O 19. Ne5 Qc8 20. Qe7 Rb8 21. Bh5
Rb7 22. Nd7 Qxd7 23. Qxd7 Bxd7 24. Bf3 Nxg3 25. hxg3 Re8 26. Rec1 Rb3 27. Bd1
Nxd1 28. Rxd1 Kg7 29. Rdc1 Kf6 30. Ra2 c3 31. Kh2 Rb2 32. Rxb2 cxb2 33. Rb1 Rb8
34. Kg1 Bf5 0-1

[Event "AUTO-ELITE-1295"]
[Site "http://www.queenalice.com/game.php?id=1260580"]
[Date "2014.2.28"]
[Round "1"]
[White "Apatride"]
[Black "fernando1971"]
[Result "0-1"]
[WhiteElo "2424"]
[BlackElo "2414"]

1. e4 e5 2. f4 exf4 3. Nf3 Be7 4. d4 Bh4+ 5. Ke2 d5 6. e5 Nc6 7. Bxf4 Bg4 8. h3
Bxf3+ 9. Kxf3 Bg5 10. Bb5 Bxf4 11. Kxf4 Nh6 12. Kf3 O-O 13. Bxc6 bxc6 14. Kf2
Qg5 15. Re1 Nf5 16. Kg1 Rab8 17. b3 Qg3 18. Nd2 c5 19. Nf1 Qc3 20. dxc5 Qxc5+
21. Kh2 c6 22. c4 dxc4 23. Rc1 Rfe8 24. Qg4 Ne7 25. Nd2 c3 26. Qg3 Nd5 27. Ne4
Qe7 28. Nd6 a5 29. Re4 Red8 30. Nf5 Qf8 31. Nxg7 Kh8 32. Nf5 Re8 33. e6 Rb4 34.
Rxb4 axb4 35. exf7 Re6 36. Rf1 Qxf7 37. Nh6 Qg6 38. Qb8+ Re8 39. Rf8+ Kg7 40.
Rxe8 Kxh6 41. Re1 Kg7 42. Qd8 Qf5 43. Qd6 Qf4+ 44. Qxf4 Nxf4 45. Re7+ Kf6 46.
Re1 Nd3 47. Re2 Nf4 48. Re4 Nd3 49. Re2 Nf4 50. Rf2 Ke5 51. Kg3 Nd3 52. Re2+ Kd4
53. Kg4 Nc1 0-1

[Event "AUTO-ELITE-1295"]
[Site "http://www.queenalice.com/game.php?id=1260581"]
[Date "2014.2.28"]
[Round "1"]
[White "fernando1971"]
[Black "Apatride"]
[Result "0-1"]
[WhiteElo "2422"]
[BlackElo "2412"]

1. Nf3 d5 2. e3 Bf5 3. c4 e6 4. cxd5 exd5 5. Qb3 b6 6. Nd4 Ne7 7. Nxf5 Nxf5 8.
d4 c6 9. Bd3 Nd6 10. O-O f5 11. Nc3 Be7 12. f3 Rf8 13. Bd2 a5 14. Rac1 b5 15.
Ne2 Nc4 16. Qc2 Na6 17. a3 a4 18. Rcd1 Nc7 19. Bxf5 Nxb2 20. Qxc6+ Kf7 21. Bxh7
Ra6 22. Qc2 Nxd1 23. Qg6+ Rxg6 24. Bxg6+ Kxg6 25. Rxd1 Bxa3 26. Nf4+ Rxf4 27.
exf4 Bb2 28. Kf1 a3 29. Bc1 Qd6 30. Kf2 Qc6 31. Bd2 a2 32. f5+ Kxf5 33. g4+ Kg6
34. h4 Bxd4+ 0-1

[Event "AUTO-ELITE-1295"]
[Site "http://www.queenalice.com/game.php?id=1260588"]
[Date "2014.2.28"]
[Round "1"]
[White "fernando1971"]
[Black "Sofian"]
[Result "1/2-1/2"]
[WhiteElo "2416"]
[BlackElo "2270"]

1. d4 Nf6 2. Nf3 d5 3. e3 c5 4. Be2 Nc6 5. O-O cxd4 6. exd4 Bf5 7. Nc3 e6 8. Nh4
Bg6 9. Be3 Rc8 10. g3 Bd6 11. a3 O-O 12. Nxg6 hxg6 13. Qd2 Re8 14. Bg5 Qb6 15.
Rfd1 Ne7 16. Rab1 Nh7 17. Bf4 Nf5 18. g4 Bxf4 19. Qxf4 g5 20. Nxd5 Qd8 21. Qd2
Qxd5 22. gxf5 exf5 23. c4 Qd7 24. d5 Nf6 25. Re1 b5 26. b3 f4 27. Rbc1 bxc4 28.
bxc4 Re5 29. Rb1 Qh3 30. Qd3 Qh4 31. Bf3 Ng4 32. Bxg4 Qxg4+ 33. Kh1 f3 34. Rg1
Qxc4 35. Qxc4 Rxc4 36. Rgd1 Rc7 37. h3 Rd7 38. Rb5 f5 39. Rd3 f4 40. Rxf3 Rexd5
41. Rxd5 Rxd5 42. Kg2 Kh7 43. Rc3 Kh6 44. a4 Rd4 45. Rc6+ Kh5 46. a5 Rd5 47. Rc7
Rxa5 48. Rxg7 Ra3 49. Rh7+ Kg6 50. Rb7 Kh5 1/2-1/2

[Event "AUTO-ELITE-1295"]
[Site "http://www.queenalice.com/game.php?id=1260589"]
[Date "2014.2.28"]
[Round "1"]
[White "Sofian"]
[Black "fernando1971"]
[Result "1-0"]
[WhiteElo "2252"]
[BlackElo "2428"]

1. d4 d5 2. c4 e6 3. Nc3 Nf6 4. Bg5 Bb4 5. Nf3 O-O 6. cxd5 exd5 7. e3 Nc6 8. Bd3
h6 9. Bh4 g5 10. Nxg5 hxg5 11. Bxg5 Be7 12. Qf3 Be6 13. Qg3 Nh5 14. Bxe7+ Nxg3
15. Bxd8 Nxh1 16. Bxc7 Nb4 17. Bb1 Nc6 18. Ke2 Rfe8 19. Bf4 Rac8 20. f3 Bd7 21.
Nxd5 Kg7 22. Kd2 Rg8 23. Bc2 Be6 24. Nc3 Kf8 25. Rg1 Rd8 26. Bh7 Rh8 27. Bb1
Nxd4 28. exd4 Rxd4+ 29. Ke3 Rxf4 30. Kxf4 Rxh2 31. Nb5 a5 32. Nd4 Bd7 33. Bf5
Ke7 34. Bxd7 Kxd7 35. Nf5 Nf2 36. Ke3 Nh1 37. Rd1+ Kc7 38. b3 Kc6 39. g4 b5 40.
Rd6+ Kc7 41. Rh6 Rxh6 42. Nxh6 f6 43. f4 a4 44. bxa4 Ng3 45. axb5 Kb6 46. Kf3
Nf1 47. g5 Nd2+ 48. Ke2 Ne4 49. g6 1-0

[Event "AUTO-OPEN-3229"]
[Site "http://www.queenalice.com/game.php?id=1271872"]
[Date "2014.4.10"]
[Round "1"]
[White "Fquita"]
[Black "fernando1971"]
[Result "1/2-1/2"]
[WhiteElo "2376"]
[BlackElo "2433"]

1. e4 e5 2. Nf3 Nc6 3. Bb5 Nf6 4. O-O Nxe4 5. Re1 Nd6 6. Nxe5 Nxe5 7. Rxe5+ Be7
8. Bf1 O-O 9. d4 Bf6 10. Re1 Re8 11. c3 Rxe1 12. Qxe1 Nf5 13. Bf4 1/2-1/2

[Event "AUTO-OPEN-3229"]
[Site "http://www.queenalice.com/game.php?id=1271873"]
[Date "2014.4.10"]
[Round "1"]
[White "fernando1971"]
[Black "Fquita"]
[Result "0-1"]
[WhiteElo "2431"]
[BlackElo "2524"]

1. Nf3 Nf6 2. c4 e6 3. d4 d5 4. Nc3 c5 5. cxd5 Nxd5 6. e4 Nxc3 7. bxc3 cxd4 8.
cxd4 Bb4+ 9. Bd2 Bxd2+ 10. Qxd2 O-O 11. Rc1 Nc6 12. Be2 Qd6 13. O-O Bd7 14. Qb2
Rfd8 15. Qxb7 Nxd4 16. Nxd4 Qxd4 17. Rc7 Be8 18. Rb1 g6 19. g3 Qe5 20. f4 Qa5
21. Rc2 Qa4 22. Rc4 Qxa2 23. Rb2 Qa5 24. Kf2 a6 25. Qe7 Rab8 26. Rxb8 Rxb8 27.
e5 Qa2 28. Rd4 Qb2 29. Rd6 a5 30. h4 h5 31. Qa7 a4 32. Qa5 Kg7 33. f5 Bb5 34.
f6+ Kh7 35. Rd2 Qxe5 36. Bxb5 Rxb5 37. Qxa4 Rb1 38. Qc2 Qxf6+ 39. Ke3 Rg1 40.
Rf2 Qe5+ 41. Kd2 Rxg3 42. Kd1 Rg1+ 43. Kd2 Qe1+ 44. Kd3 Qd1+ 45. Qxd1 Rxd1+ 46.
Ke2 Rd7 47. Ke3 Kg7 48. Rf4 e5 0-1

[Event "AUTO-OPEN-3229"]
[Site "http://www.queenalice.com/game.php?id=1271898"]
[Date "2014.4.10"]
[Round "1"]
[White "fernando1971"]
[Black "Zugswang"]
[Result "1-0"]
[WhiteElo "2435"]
[BlackElo "2141"]

1. e4 g6 2. d4 Bg7 3. Nf3 c5 4. dxc5 Qa5+ 5. c3 Qxc5 6. Be3 Qc7 7. Na3 Nc6 8.
Qd3 Nf6 9. Be2 d6 10. O-O Ng4 11. Nb5 Qb8 12. Bg5 h6 13. Bd2 a6 14. Na3 b5 15.
Nd4 Nce5 16. Qc2 h5 17. Rad1 Bb7 18. f3 Nh6 19. Bg5 Qc7 20. c4 b4 21. Qa4+ Nc6
22. Nac2 a5 23. Nb5 Qb8 24. Ne3 O-O 25. Nd5 f6 26. Be3 Qd8 27. Nbc7 Rc8 28. Ne6
Qd7 29. Nc5 dxc5 30. Nxf6+ Rxf6 31. Rxd7 1-0

[Event "AUTO-OPEN-3229"]
[Site "http://www.queenalice.com/game.php?id=1271899"]
[Date "2014.4.10"]
[Round "1"]
[White "Zugswang"]
[Black "fernando1971"]
[Result "0-1"]
[WhiteElo "2138"]
[BlackElo "2437"]

1. e4 e5 2. f4 exf4 3. Bc4 Qh4+ 4. Kf1 d5 5. Bxd5 Nf6 6. Nf3 Qh6 7. Nc3 c6 8.
Bb3 Bb4 9. d3 Ng4 10. Ne2 Ne3+ 11. Bxe3 fxe3 12. c3 Bd6 13. e5 Be7 14. d4 a5 15.
Qd3 a4 16. Bc2 Na6 17. Ng3 Nc7 18. a3 O-O 19. Ke2 Nd5 20. Qe4 f5 21. exf6 Bxf6
22. Rag1 Bd7 23. Kd1 Rae8 24. Ne5 Bxe5 25. dxe5 e2+ 26. Kxe2 Bg4+ 27. Qxg4 Qe3+
28. Kd1 Nxc3+ 29. bxc3 Rd8+ 30. Qd4 Rxd4+ 31. cxd4 Rf2 32. Nf5 Qd2# 0-1